000 02050cam a22004574i 4500
003 PE-LiUPU
005 20250731173509.0
008 150616s r 000 0 d
020 _a0802880487
035 _a(Sirsi) i9780802880482
040 _aPE-LiUPU
_bspa
_cPE-LiUPU
_erda
049 _aPRUA
082 0 4 _a270.9
_bS31
_221
100 1 _aSchaff, Philip,
_eautor.
245 1 0 _aHistory of the Christian Church; Ante-nicene Christianity.
_n2.
264 1 _aGrand Rapids, Michigan :
_bWm. B. Eerdmans Publishing Company,
_c1995.
300 _a877 páginas ;
_c22 centímetros
336 _atext
_2rdacontent
337 _aunmediated
_2rdamedia
338 _avolume
_2rdacarrier
505 0 _aSpread of Christianity -- Persecution of Christianity and Christian Martyrdom -- Literary Contest of Christianity with Judaism and Heatehenism -- Organization and Discipline os the Church -- Christian Worship -- Beginnings of Christian Art -- The Church in the Catacombs -- The Christian Life in Contrast with Pagan Corruption -- Ascetic Tendencies -- Montanism -- The Heresies of the Ante-Nicene Age -- The Development of Catholic Theology -- Ecclesiastical Literature of the Ante-Nicene Age, and Biographical Sketches of the Church Fathers church fathers.
526 _aSEG42
526 _aSEG41
526 _aSEG40
526 _aSEG39
526 _aP94
526 _aP87
526 _aP86
526 _aP85
526 _aP77
526 _aP76
526 _aP35
650 0 4 _aIGLESIA - HISTORIA - CRISTIANISMO ANTES DE NICEA, 100-325 d. C.
910 _ajck
_bjvq
_cjck
942 _2ddc
_cBOOK
949 _a270.9 S31 2
_wDEWEY
_c1
_i40752
_lCCODEBUL1
_mBUL
_r0
_sY
_tBOOK
_u2015-6-16
_xTEOLOGIA
_zUNKNOWN
_0COMPRA
_o.STAFF. Colección General
994 _aC0
_bPEPRU
596 _a1
999 _a270.9 S31 2
_wDEWEY
_c58540
_i40752
_f2021-11-11
_g5
_lCCODEBUL1
_mBUL
_r0
_sY
_tBOOK
_u2015-6-16
_xTEOLOGIA
_zUNKNOWN
_0COMPRA
_o.STAFF. Colección General
_d58540
980 _81
_gALBERTO SANCHEZ Responsable de Automatización